| 000 | 00857nab a2200241 u 4500 | ||
|---|---|---|---|
| 001 | 09273 | ||
| 003 | HDC | ||
| 007 | cr bn ---aaaaa | ||
| 008 | 210201b20122012may||||| |||| 00| 0 may d | ||
| 040 | _aHDC | ||
| 245 | 0 |
_aUsahawan dalam talian: _bYayasan Cherie Blair bantu jana ekonomi wanita menerusi bidang perniagaan _c/ Hidayah Mohamad |
|
| 260 |
_aMalaysia: _bNew Straits Times Press (M) Bhd., _c2012 |
||
| 300 | _a1 online resource | ||
| 336 |
_atext _2rdacontent |
||
| 337 |
_acomputer _2rdamedia |
||
| 338 |
_aonline resource _2rdacarrier |
||
| 650 |
_aEntrepreneurship _9209 |
||
| 700 |
_aHidayah Mohamad _99614 |
||
| 856 | _zRequest full-text at [email protected] | ||
| 942 | _2lcc | ||
| 942 | _cNEWS | ||
| 942 | _kNWSC 002582 | ||
| 999 |
_c6596 _d6596 |
||